000
00332nam a2200145Ia 4500
003
OSt
005
20240309162736.0
008
170524s9999 xx 000 0 und d
020
_a
978-9350140314
040
_c
IIMT UNIVERSITY
100
_a
SINGH- T.
245
0
_a
BASIC ELECTRICAL ENGINEERING
260
_b
KASTON
942
_2
ddc
_c
02
999
_c
7673
_d
7673